<?xml version="1.0" encoding="UTF-8"?>
<collection xmlns="http://www.loc.gov/MARC21/slim">
  <record>
    <leader>00000nam  2200000   4500</leader>
    <controlfield tag="001">INLIS000000000018362</controlfield>
    <controlfield tag="005">20241107095343</controlfield>
    <datafield tag="035" ind1="#" ind2="#">
      <subfield code="a">0010-1124000028</subfield>
    </datafield>
    <controlfield tag="007">ta</controlfield>
    <controlfield tag="008">241107###########################0######</controlfield>
    <datafield tag="245" ind1="#" ind2="#">
      <subfield code="a">MUSIK-SNP :</subfield>
      <subfield code="b">Modul Praktikum Statistika Non Paramentrik /</subfield>
      <subfield code="c">Ahmad Husain, S.Si., M.Stat</subfield>
    </datafield>
    <datafield tag="260" ind1="#" ind2="#">
      <subfield code="a">Makassar :</subfield>
      <subfield code="b">Puslatbang KMP LAN RI,</subfield>
      <subfield code="c">2024</subfield>
    </datafield>
    <datafield tag="300" ind1="#" ind2="#">
      <subfield code="a">57 ;</subfield>
      <subfield code="c">30</subfield>
    </datafield>
    <datafield tag="650" ind1="#" ind2="4">
      <subfield code="a">Adanya modul praktikum non statistika non parametrik yang terstandar</subfield>
    </datafield>
    <datafield tag="700" ind1=" " ind2="#">
      <subfield code="a">Prof. Dr. Eng. Intan Sari Areni, S.T., M.T., IPU (Mentor)</subfield>
    </datafield>
    <datafield tag="700" ind1=" " ind2="#">
      <subfield code="a">Ahmad Sukarno Syahrir, S.IP., M.Adm. SDA (Coach)</subfield>
    </datafield>
    <datafield tag="520" ind1="#" ind2="#">
      <subfield code="a">Penyusunan Modul Statika Non Parametrik untuk optimalisasi persiapan perkuliahan di Program Studi Sains Data Insititut Teknologi Bj Habibie</subfield>
    </datafield>
    <datafield tag="856" ind1="#" ind2="#">
      <subfield code="a">Puslatbang KMP LAN</subfield>
    </datafield>
  </record>
</collection>
